Sąsiedzi sąsiadów Polski – Nagła śmierć - Statystyki

Ogólne statystyki
  • Ten quiz został rozwiązany 36 470 razy
  • Średni wynik to 6 z 16
Answers on the Grid
Answers color-coded by a green-red scale on the quiz's grid according to % correct below.
Armenia
Austria
Azerbejdżan
Belgia
Bułgaria
Chorwacja
Dania
Finlandia
Francja
Gruzja
Hiszpania
Holandia
Iran
Kazachstan
Kirgistan
Korea Południowa
Korea Północna
Liechtenstein
Luksemburg
Łotwa
Monako
Norwegia
Rumunia
Serbia
Słowenia
Szwajcaria
Szwecja
Tadżykistan
Turcja
Uzbekistan
Węgry
Włochy
 
Statystyki odpowiedzi
Odpowiedź % Poprawnych
Litwa, Rosja Łotwa
56%
Niemcy, Czechy, Słowacja Austria
55%
Słowacja, Ukraina Węgry
53%
Niemcy Francja
52%
Niemcy Dania
50%
Niemcy Holandia
46%
Niemcy Belgia
44%
Niemcy Szwajcaria
38%
Niemcy Luksemburg
37%
Ukraina Rumunia
34%
Rosja Kazachstan
32%
Rosja Finlandia
30%
Rosja Korea Północna
28%
Rosja Gruzja
27%
Rosja Norwegia
20%
Rosja Azerbejdżan
19%
Nie znaleziono quizów pasujących do podanych kryteriów
Rozkład punktacji
Procent ludzi z każdym wynikiem
Percentyl według liczby udzielonych odpowiedzi
Twoja historia wyników
Nie rozwiązałeś tego quizu